"Digital Horizons 2024: Innovation, Ethics, and Dialogue in a Connected World" The International Interdisciplinary Scientific Conference

Saved in:
Bibliographic Details
Corporate Author: Digital Horizons 2024: Innovation, Ethics, and Dialogue in a Connected World. The International Interdisciplinary Scientific Conference
Other Authors: Čaplánová, Anetta, 1967-, Sirakovová, Eva, 1994-, Sirkeci, Ibrahim, Přívara, Andrej, 1983-
Format: Book
Language:English
Published: Bratislava Vydavateľstvo EKONÓM 2024
Edition:1st Edition
Subjects:
Tags: Add Tag
No Tags, Be the first to tag this record!

MARC

LEADER 00000nlm a2200000 4500
001 0303092
005 20240716094307.3
020 |a 978-80-2205-5146-5 
041 0 |a eng 
044 |a SK 
245 1 0 |a "Digital Horizons 2024: Innovation, Ethics, and Dialogue in a Connected World"  |b The International Interdisciplinary Scientific Conference  |c Editors: Anetta Čaplánová, Eva Sirakovová ; Reviewers: Ibrahim Sirkeci, Andrej Přívara 
250 |a 1st Edition 
264 1 |a Bratislava  |b Vydavateľstvo EKONÓM  |c 2024 
300 |a 29 s. [1,45 AH] 
610 2 0 |a digitalizácia 
610 2 0 |a technológie nové 
610 2 0 |a inovácie technologické 
610 2 0 |a transformácia digitálna 
610 2 0 |a etika 
610 2 0 |a dialóg sociálny 
610 2 0 |a riadenie ľudských zdrojov 
610 2 0 |a start-up 
700 1 |a Čaplánová, Anetta, 1967- 
700 1 |a Sirakovová, Eva, 1994- 
700 1 |a Sirkeci, Ibrahim 
700 1 |a Přívara, Andrej, 1983- 
110 2 |a Digital Horizons 2024: Innovation, Ethics, and Dialogue in a Connected World. The International Interdisciplinary Scientific Conference